000
00424nam a2200145Ia 4500
008
100204s9999 xx 000 0 und d
082
_b
7146
100
_a
जोशी सुशीला
245
_a
असंभव
260
_b
"बांदोडकर पब्लिशिंग हाऊस, गोवा"
_c
1982
300
_a
207
630
_a
असंभव
730
_a
असंभव
942
_c
BOOK
999
_c
451583
_d
451580